Los Restos humanos prehistóricos de la cueva del Turó del Mal Pas (Mura, Barcelona) / por Felipe du Souich Henrici
Publicado:
Barcelona :
Diputación Provincial de Barcelona. Instituto de Prehistoria y Arqueología ,
1974
Descripción Física:
p. 41-62 : il. ; 27 cm
Colección:
Monografías ; 45
MARC
| LEADER | 00000nam a2200000Ia 4500 | ||
|---|---|---|---|
| 001 | 7811 | ||
| 008 | 160829s1974 - 75 xx 000 0 cat d | ||
| 080 | |a FU-21-33 | ||
| 100 | |a Souich Henrici, Felipe du |9 34020 | ||
| 245 | |a Los Restos humanos prehistóricos de la cueva del Turó del Mal Pas (Mura, Barcelona) / por Felipe du Souich Henrici | ||
| 260 | |a Barcelona : |b Diputación Provincial de Barcelona. Instituto de Prehistoria y Arqueología, |c 1974 - 75 | ||
| 300 | |a p. 41-62 : |b il. ; |c 27 cm | ||
| 490 | |a Monografías ; 45 | ||
| 590 | |a Separata d'Ampurias ; 36-37 | ||
| 650 | |a Turó del Mal Pas, Cova del (Mura, Barcelona) |9 34021 | ||
| 650 | |a Restes humanes (Arqueologia) |x Mura |9 34022 | ||
| 710 | 2 | |a Instituto de Prehistoria y Arqueología (Barcelona, Catalunya) |9 54255 | |
| 901 | |a Arxiu | ||
| 942 | |n 1 |2 udc | ||
| 952 | |0 0 |1 0 |4 0 |6 FU2133 |7 1 |9 46347 |a Arxiu |b Arxiu |d 2016-12-01 |l 0 |o FU-21-33 |p 7811 |r 2016-12-01 00:00:00 |w 2016-12-01 |y ARXIU | ||
| 999 | |c 50132 |d 50132 | ||